00540cam a22001812 4500001001100000005001700011008004100028040001500069050002100084100003700105245003100142260003200173300001100205908001100216950000600227999001700233952010800250000000049320151217155802.0070205s xx 000 0 eng d aKABUcKABU 0aDT429.5b.E27H651 aHollingsworth, L. W.@000014870114aThe Asians of East Africa. aLondon :bMacmillan,c1960. a174 p. a070205 @1 c12356d12356 00102lcc70aKABUbKABUd2015-12-17l0oDT429.5 .E27H65p006515r2015-12-17 00:00:00w2015-12-17yAFRI